Statistics for Louis Tomlinson solos.

Click here to take the quiz!

General Stats

  • This quiz has been taken 335 times
  • The average score is 12 of 15

Answer Stats

HintAnswer% Correct
I wanna live while we're younglive while we're young
97%
I might never be your night in shining armour, I might never be the one who brings you flowersperfect
95%
waking up, beside you im a loaded gun, I can't contain this anymore, im all yours I got no control, no controlno control
94%
Yeah, so tell me girl if every time wekiss you
91%
you can't go to bed without a cup of tea, and maybe that's the reason why you talk in your sleep, and all those conversations are the secrets that I keep, though it makes no sense to me.little things
91%
I don't exist, if I don't have her, the sun doesn't shine, the world doesn't turn alright, alrightsteal my girl
88%
If I didn't have you there would be nothing left, a shell of a man that could never be his bestdrag me down
85%
tell me that im wrong but I do what I please, way to many people in the Addison Leemidnight memories
85%
tell me with your mind body and spirit, I can make your tears fall down like the showers that are British, wether we're together or apart, we can both remove the masks and admit we regret it from the startover again
82%
you know, i know, you know ill remember you and I know, you know, I know you'll remember me.best song ever
80%
somethings gotta give now, cause I'm dying just to know your nameone thing
79%
feels like I'm constantly playing, a game that im destined to loseI would
77%
hands are silent, voices numb, try to scream out of my lungs it makes this harder, and the tears stream, down my facemoments
63%
but that's not me ...... but that's crazy ....... to be loved by youI want
54%
Think of, all the love that's been wastedstrong
47%

Score Distribution

Percentile by Number Answered

Percent of People with Each Score

Your Score History

You have not taken this quiz